مكتبة جامعة عجلون الوطنية

فهرس بحث المكتبة

أبطال الأردن (Record no. 34024)

MARC details
000 -LEADER
fixed length control field 00630nam a22001937a 4500
003 - CONTROL NUMBER IDENTIFIER
control field JO-AjAnu
005 - DATE AND TIME OF LATEST TRANSACTION
control field 20250930092243.0
008 - FIXED-LENGTH DATA ELEMENTS--GENERAL INFORMATION
fixed length control field 250929b jo ||||| |||| 00| 0 ara d
040 ## - CATALOGING SOURCE
Original cataloging agency ANU
Transcribing agency JO-AjAnu
041 ## - LANGUAGE CODE
Language code of original ARA
100 ## - MAIN ENTRY--PERSONAL NAME
Personal name مؤسسة عبدالحميد شومان
Relator term مؤلف
9 (RLIN) 65168
245 ## - TITLE STATEMENT
Title أبطال الأردن
260 ## - PUBLICATION, DISTRIBUTION, ETC.
Place of publication, distribution, etc. عمان :
Name of publisher, distributor, etc. مؤسسة عبد الحميد شومان،
Date of publication, distribution, etc. 2025
300 ## - PHYSICAL DESCRIPTION
Extent 193 صفحة
500 ## - GENERAL NOTE
General note يحتوي على صور توضيحية
650 ## - SUBJECT ADDED ENTRY--TOPICAL TERM
Form subdivision الأردن-احوال اجتماعية
700 ## - ADDED ENTRY--PERSONAL NAME
Personal name زيادنة، هشام
Relator term مصور
9 (RLIN) 66722
942 ## - ADDED ENTRY ELEMENTS (KOHA)
Source of classification or shelving scheme Library of Congress Classification
Koha item type Books
Suppress in OPAC No
Holdings
Withdrawn status Lost status Source of classification or shelving scheme Damaged status Not for loan Home library Current library Date acquired Total Checkouts Full call number Barcode Date last seen Price effective from Koha item type
    Library of Congress Classification     مكتبة جامعة عجلون الوطنية مكتبة جامعة عجلون الوطنية 29/09/2025   HN761.2025 A30397 29/09/2025 29/09/2025 Books